Délmagyarország. - 1972. július 8., Szombat
Elmentve itt :
| Dokumentumtípus: | Újság |
|---|---|
| Megjelent: |
1972-07-08
|
| Sorozat: | Délmagyarország
62 No. 159 |
| Online Access: | http://dmarchiv.bibl.u-szeged.hu/18711 |
| LEADER | 00488nas a2200145 i 4500 | ||
|---|---|---|---|
| 001 | delm18711 | ||
| 005 | 20200415081141.0 | ||
| 008 | 171215s1972 hu n o 0|| hun d | ||
| 022 | |a 0133-025X | ||
| 040 | |a SZTE Délmagyarország Archívum |b hun | ||
| 041 | |a hun | ||
| 245 | 0 | 0 | |a Délmagyarország. - 1972. július 8., Szombat |h [elektronikus dokumentum] |
| 260 | |c 1972-07-08 | ||
| 490 | 0 | |a Délmagyarország |v 62 No. 159 | |
| 856 | 4 | 0 | |u http://dmarchiv.bibl.u-szeged.hu/18711/1/dm_1972_159.pdf |z Dokumentum-elérés |